Medzinárodná konferencia o hospodárskych vzťahoch Rakúska so susednými štátmi strednej a juhovýchodnej Európy

Bibliographic Details
Main Author: Hallon, Ľudovít, 1958- (Author)
Format: Article
Language:Slovak
ISSN:0018-2575
Subjects:

MARC

LEADER 00000nab a2200000 a 4500
001 vtls001516434
003 SK-MaSNL
005 20260305042313.0
008 250505c2004 xo ||||||| |00 b|slo
015 |a SNBRB2005/03  |2 snkbucl 
035 |a urn:nbn:sk:snk-ab7yi2 
035 |a (urnnbn)urn:nbn:sk:snk:ar-004w5j 
035 |a (uuid)e44f25c5-8f7d-4f91-b1a1-ba1aa28d9c89 
038 |a SNKBUCL 
040 |a SNKBUCL  |b slo  |c SNKBUCL  |e AACR2 
041 0 |a slo 
044 |a xo  |c SK 
080 |a 94(436):33  |x "1945/..."  |2 1997 
080 |a 061.3  |2 1997 
080 |a 339.9(436:4-191.2)  |x "1945/..."  |2 1997 
100 1 |a Hallon, Ľudovít,  |d 1958-  |4 aut  |9 103935 
245 1 0 |a Medzinárodná konferencia o hospodárskych vzťahoch Rakúska so susednými štátmi strednej a juhovýchodnej Európy  |c Ľ. Hallon 
648 7 |a po 1945  |2 snkbucl  |9 276786 
650 0 7 |a hospodárske vzťahy  |2 snkbucl  |9 2283 
650 0 7 |a hospodárske dejiny  |2 snkbucl  |9 2284 
650 0 7 |a konferencie  |2 snkbucl  |9 19221 
651 7 |a Európa juhovýchodná  |2 SNKPHgeo  |9 62619 
651 7 |a Rakúsko  |x dejiny  |2 SNKPHgeo  |9 66145 
651 7 |a Európa stredná  |x dejiny  |2 snkbucl  |9 23759 
773 0 |t Historický časopis  |g Roč. 52, č. 4 (2004), s. 741-742  |x 0018-2575 
850 |a Slovenská národná knižnica 
852 |a Slovenská národná knižnica 
954 |a odborná, vedecká literatúra pôvodná (slovenská)  |2 lita 
958 |a article9 
958 |a OND 
958 |a AT 
958 |a EUIPO 
999 |c 3348198  |d 3350128